000 00380nam a2200157Ia 4500
005 20241004002733.0
008 240331s9999 xx 000 0 und d
082 _bARA
_a820
100 _aArasanayagam, J
245 0 _aFragments of a journey
260 _aKandy
_bT.B.S. Godamunne & Sons Ltd
_c1992
300 _a86 p .,
650 _aSocial
650 _aPolitical
942 _cL
999 _c4344
_d4344